00470nam a2200169Ia 450000500170000000800410001702000220005804100080008008200150008810000140010324500650011726000390018230000090022150000280023065000280025870000140028620251120191647.0230125s9999 xx 000 0 und d a978-81-317-0008-2 aeng a158.1bTEM aTemplar R aThe Rules of Work : The Definitive Code for Personal Success c2009bPearson EducationaNew Delhi a219p aPersonality Development aPersonality Development aTemplar R